000
00283nam a22001337a 4500
020
_a
0-7214-1992-5
082
_a
823
_b
STI/C
100
_a
STIMSON, JOAN
245
_a
CHEEKY LITTLE KITTEN
250
_a
1
260
_a
UK
_b
LADYBIRD
650
_a
ENGLISH SHORT STORY
_z
UK
942
_c
BK
999
_c
4207
_d
4207